| 000 | 00391pam a2200157 i 4500 | ||
|---|---|---|---|
| 020 | _a0023388005 | ||
| 040 | _cDLC | ||
| 082 | 0 | _a516 MAR 1978 A035 Or. | |
| 100 | 1 | _aForray, Marvin J | |
| 245 | 1 | 0 | _aCalculus with analytic geometry / |
| 300 |
_axiv, 1185 pages : _billustrations ; _c26 cm |
||
| 500 | _aIncludes index | ||
| 650 | 0 | _aCalculus | |
| 650 | 0 | _aGeometry, Analytic | |
| 942 | _cEK | ||
| 999 |
_c12649 _d12649 |
||